000 00365nam a22001457a 4500
020 _a9788125921547
082 _a540.162
_bGOP/TE
100 _aGopalan,R.
245 _aTextbook of engineering chemistry
250 _a3rd
260 _aNew Delhi
_bVikas Publishing House Pvt Ltd
_c2010
700 _aVenkappayya, D.
700 _aSulochana Nagarajan
942 _cBK
999 _c13886
_d13886